Kashmir Plebisite / (Record no. 194010)

000 -LEADER
fixed length control field 00818 a2200157 4500
003 - CONTROL NUMBER IDENTIFIER
control field Nust
005 - DATE AND TIME OF LATEST TRANSACTION
control field 20230208143558.0
040 ## - CATALOGING SOURCE
Transcribing agency Nust
082 ## - DEWEY DECIMAL CLASSIFICATION NUMBER
Classification number 954.6,IZZ
100 ## - MAIN ENTRY--PERSONAL NAME
Personal name SH Izzatullah
9 (RLIN) 108743
245 ## - TITLE STATEMENT
Title Kashmir Plebisite /
260 ## - PUBLICATION, DISTRIBUTION, ETC.
Place of publication, distribution, etc. Lahore
Name of publisher, distributor, etc. Iqbal publisher
Date of publication, distribution, etc. 1956
300 ## - PHYSICAL DESCRIPTION
Extent 301 pages
505 ## - FORMATTED CONTENTS NOTE
Formatted contents note Pakistan Scheme’s Opposition (Page-17), Junagarh (Page-42), Kashmir Struggle (Page-51), Azad Kashmir Government (Page-65), Pakistan’s Intervention (Page-86), Security Council (Page-99), Sir Zafarullah’s Deface (Page-119), Vellodi’s Criticism (Page-134), Security Council Resolution (Page-153), China Resolution (Page-199), Ch. Ghulam Abbas (Page-221), Problem Reviewed (Page-228), An Adjustment (Page-246), Six Nations Resolution (Page-254), British Attitude (Page-293).
942 ## - ADDED ENTRY ELEMENTS (KOHA)
Source of classification or shelving scheme
Koha item type Book
Holdings
Withdrawn status Lost status Source of classification or shelving scheme Damaged status Not for loan Permanent Location Current Location Shelving location Date acquired Full call number Barcode Date last seen Price effective from Koha item type Public note
          Military College of Signals (MCS) Military College of Signals (MCS) General Stacks 12/12/2016 954.6,IZZ MCS29425 12/08/2016 12/12/2016 Book Almirah No.61, Shelf No.6
© 2023 Central Library, National University of Sciences and Technology. All Rights Reserved.